| Tag |
First Indicator |
Second Indicator |
Subfields |
| LEADER |
00000cam a22000004a 4500 |
| 001 |
in00002205521 |
| 005 |
20151104123640.0 |
| 008 |
060711s2006 nyu b 000 0deng |
| 010 |
|
|
|a 2006022945
|
| 020 |
|
|
|a 0807615625 (pbk.)
|
| 020 |
|
|
|a 9780807615621 (pbk.)
|
| 020 |
|
|
|a 0807615560 (hardback)
|
| 020 |
|
|
|a 9780807615560 (hardback)
|
| 024 |
3 |
|
|a 9780807615621
|
| 024 |
3 |
|
|a 9780807615560
|
| 029 |
1 |
|
|a YDXCP
|b 2226961
|
| 029 |
1 |
|
|a YDXCP
|b 2226962
|
| 035 |
|
|
|a (OCoLC)ocm70292122
|
| 035 |
|
|
|a (OCoLC)70292122
|
| 040 |
|
|
|a DLC
|c DLC
|d BAKER
|d C#P
|d YDXCP
|d UtOrBLW
|
| 041 |
1 |
|
|a eng
|a ita
|h ita
|
| 043 |
|
|
|a e-it---
|
| 049 |
|
|
|a TXAM
|
| 050 |
0 |
0 |
|a PQ4562.A9
|b A2 2006
|
| 082 |
0 |
0 |
|a 851/.4
|2 22
|
| 100 |
1 |
|
|a Aragona, Tullia d',
|d approximately 1510-1556.
|
| 245 |
1 |
0 |
|a Sweet fire :
|b Tullia D'Aragona's poetry of dialogue and selected prose /
|c translated and edited by Elizabeth A. Pallitto.
|
| 250 |
|
|
|a 1st ed.
|
| 264 |
|
1 |
|a New York :
|b Braziller,
|c 2006.
|
| 300 |
|
|
|a 128 pages ;
|c 22 cm.
|
| 336 |
|
|
|a text
|b txt
|2 rdacontent
|
| 337 |
|
|
|a unmediated
|b n
|2 rdamedia
|
| 338 |
|
|
|a volume
|b nc
|2 rdacarrier
|
| 546 |
|
|
|a English and Italian.
|
| 504 |
|
|
|a Includes bibliographical references (pages 125-128).
|
| 600 |
1 |
0 |
|a Aragona, Tullia d',
|d approximately 1510-1556.
|
| 650 |
|
0 |
|a Poets, Italian
|y 16th century
|v Biography.
|
| 650 |
|
0 |
|a Women poets, Italian
|v Biography.
|
| 700 |
1 |
2 |
|a Aragona, Tullia d',
|d approximately 1510-1556.
|t Works.
|k Selections.
|l English.
|
| 700 |
1 |
2 |
|a Aragona, Tullia d',
|d approximately 1510-1556.
|t Works.
|k Selections.
|l Italian.
|
| 700 |
1 |
|
|a Pallitto, Elizabeth A.
|
| 856 |
4 |
1 |
|3 Table of contents only
|u http://www.loc.gov/catdir/toc/ecip0617/2006022945.html
|t 0
|
| 938 |
|
|
|a Baker & Taylor
|b BKTY
|c 15.95
|d 11.96
|i 0807615625
|n 0006457602
|s active
|
| 938 |
|
|
|a Baker & Taylor
|b BKTY
|c 29.95
|d 22.46
|i 0807615560
|n 0006457769
|s active
|
| 938 |
|
|
|a YBP Library Services
|b YANK
|n 2226962
|
| 945 |
|
|
|a PromptCat
|b 44118
|
| 946 |
|
|
|a stk
|
| 947 |
|
|
|a A14835507165
|
| 994 |
|
|
|a 92
|b TXA
|
| 948 |
|
|
|a cataloged
|b h
|c 2007/1/30
|d c
|e rbarron
|f 6:11:10 pm
|
| 999 |
|
|
|a MARS
|
| 999 |
f |
f |
|s c6e84e10-017e-3895-8578-f061bc8d5c35
|i cdcfeb15-9bc4-3b23-b0a7-9536a41aa71b
|t 0
|
| 952 |
f |
f |
|p normal
|a Texas A&M University
|b College Station
|c Sterling C. Evans Library
|d Evans: Library Stacks
|t 0
|e PQ4562.A9 A2 2006
|h Library of Congress classification
|i unmediated -- volume
|m A14835507165
|
| 998 |
f |
f |
|a PQ4562.A9 A2 2006
|t 0
|l Evans: Library Stacks
|